| 000 | 00587nam a2200181Ia 4500 | ||
|---|---|---|---|
| 008 | 090630s9999 xx 000 0 und d | ||
| 082 | _b10417 | ||
| 100 | _aशिरवाडकर वसंत. | ||
| 245 |
_aमाध्यम. _cशिरवाडकर वसंत. |
||
| 260 |
_bदिलीपराज- पुणे. _c1991 |
||
| 300 | _a158 | ||
| 600 | _aशिरवाडकर वसंत. | ||
| 630 | _aमाध्यम. | ||
| 655 | _aकादंबरी. | ||
| 700 | _aशिरवाडकर वसंत. | ||
| 730 | _aमाध्यम. | ||
| 942 | _cBOOK | ||
| 999 |
_c262273 _d262273 |
||